|
|
|
|
| LEADER |
00000nam0a2200000 4500 |
| 001 |
205528 |
| 005 |
20231031190459.0 |
| 010 |
|
|
|a 5339003981
|
| 020 |
|
|
|a RU
|b 91-32206
|
| 035 |
|
|
|a (RuTPU)RU\TPU\book\223997
|
| 090 |
|
|
|a 205528
|
| 100 |
|
|
|a 20111210d1991 m y0rusy5003 ca
|
| 101 |
0 |
|
|a rus
|
| 102 |
|
|
|a BY
|
| 105 |
|
|
|a a j 001zy
|
| 200 |
1 |
|
|a Пособие по биологии для абитуриентов медицинских институтов
|f О.-Я. Л. Бекиш, Н. С. Гурина
|
| 210 |
|
|
|a Минск
|c Вышэйш. шк.
|d 1991
|
| 215 |
|
|
|a 382,[1] с.
|c ил.
|d 21 см
|
| 320 |
|
|
|a Библиогр.: с. 376 (9 назв.).
|
| 320 |
|
|
|a Предм. указ.: с. 377-379.
|
| 610 |
1 |
|
|a биология
|
| 610 |
1 |
|
|a генетика
|
| 610 |
1 |
|
|a эволюционное учение
|
| 610 |
1 |
|
|a селекция
|
| 610 |
1 |
|
|a биосфера
|
| 610 |
1 |
|
|a растения
|
| 610 |
1 |
|
|a животные
|
| 610 |
1 |
|
|a человек
|
| 610 |
1 |
|
|a органы
|
| 610 |
1 |
|
|a здоровье
|
| 610 |
1 |
|
|a учебные пособия
|
| 675 |
|
|
|a 57(075.3)
|z rus
|
| 700 |
|
1 |
|a Бекиш
|b О.
|4 070
|
| 701 |
|
1 |
|a Гурина
|b Н. С.
|4 070
|
| 801 |
|
0 |
|a RU
|b RuMRKP
|c 19950417
|g psbo
|
| 801 |
|
1 |
|a RU
|b 63413507
|c 20111210
|
| 801 |
|
2 |
|a RU
|b 63413507
|c 20130610
|g RCR
|
| 942 |
|
|
|c BK
|